000 00588nam a2200229Ia 4500
003 OSt
005 20221005121016.0
006 a|||||r|||| 00| 0
007 ta
008 221004b |||||||| |||| 00| 0 kan d
024 _a61670
037 _cTextual
040 _aCRL
_cCRL
_bkan
041 _2kan
_akan
082 _aV2:51xM69w, 33J5
100 _aSatyashodhaneor Au.
_9629947
245 0 _aGandhi ji yavar atma kathe
260 _c1955
650 _aHISTORY
942 _hV2:51xM69w, 33J5
_cTEXL
_2cc
999 _c1039828
_d1039828